000 00941nam a2200289Ia 4500
005 20220316235515.0
008 121119s2001 mx a gr 000 0 spa
020 _a9706861157
041 0 _aspa
082 0 4 _a909
_bK37f
100 1 _aKishlansky, Mark A.
245 1 0 _aFuentes de la historia universal, 2
_cMark A. Kishlandsky
250 _aPrimera edición
300 _a446 páginas
_bilustraciones
505 0 _aEl mundo de los viajeros y mercaderes ; Industrialización e imperialismo ; Mundo moderno
650 1 4 _aCiencia
_2LEMB
650 1 4 _aHistoria moderna
_2LEMB
650 1 4 _aHistoria universal
_2LEMB
650 1 4 _aIndustrialización
_xHistoria
_2LEMB
650 1 4 _aRevolución industrial
_2LEMB
942 _2ddc
_cBK
264 _aMéxico
_bThomson
_c2001
336 _atexto
_btxt
_2rdacontent
337 _asin mediación
_bn
_2rdamedia
338 _avolumen
_bnc
_2rdacarrier
040 _aCO-BoRNBP
_bspa
_erda
_cCO-BoRNBP
999 _c1173
_d1173